[Event "ODJM C 2023"]
[Site "Willingen GER"]
[Date "2023.05.31"]
[Round "5"]
[White "Funke, Max"]
[Black "Haas, Valentina"]
[Result "0-1"]
[Termination "normal"]
[Board "42"]
[WhiteElo "1031"]
[BlackElo "797"]
[PlyCount "32"]
[WhiteFideId "34628681"]
[BlackFideId "34660461"]
[EventCountry "GER"]
[EventRounds "9"]
[EventType "swiss"]
[EventDate "2023.05.27"]

1. e4 e5 2. Nf3 Nf6 3. Nxe5 Nc6 4. Nxc6 dxc6 5. Nc3 Bc5 6. h3 h5 7. Be2 Qd6 8.
d3 Bd7 9. Bg5 Ng4 10. hxg4 f6 11. Bd2 O-O 12. gxh5 f5 13. exf5 Qf6 14. Bg4
Rae8+ 15. Be2 Qxf5 16. Kf1 Qxf2# 0-1

[Event "ODJM C 2023"]
[Site "Willingen GER"]
[Date "2023.05.31"]
[Round "5"]
[White "Schwarzfischer, Ramona"]
[Black "Nehrukumar, Rithika"]
[Result "0-1"]
[Termination "normal"]
[Board "44"]
[WhiteElo "916"]
[BlackElo "990"]
[PlyCount "88"]
[WhiteFideId "16268113"]
[BlackFideId "34660550"]
[EventCountry "GER"]
[EventRounds "9"]
[EventType "swiss"]
[EventDate "2023.05.27"]

1. e4 e5 2. Nf3 Nc6 3. Bc4 Bc5 4. c3 Nf6 5. d3 O-O 6. Be3 d6 7. Nbd2 Bg4 8. Qb3
Bxe3 9. fxe3 h6 10. Qxb7 Na5 11. Qa6 Nxc4 12. Qxc4 Rb8 13. Rb1 Be6 14. Qa4 Rb7
15. d4 Qb8 16. Qa3 exd4 17. exd4 d5 18. e5 Ng4 19. O-O Bf5 20. Rbd1 Ne3 21. h3
Nxd1 22. Rxd1 Rxb2 23. Re1 Qb7 24. Nb3 Rc2 25. Rc1 Rxc1+ 26. Qxc1 Be4 27. Nfd2
Qa6 28. a3 Qg6 29. Nxe4 dxe4 30. Nc5 Qg5 31. Qe1 e3 32. e6 Re8 33. Ne4 Qf4 34.
Qb1 fxe6 35. Qb5 Rf8 36. Nc5 Qh4 37. Nxe6 Qf2+ 38. Kh2 e2 39. Nxf8 e1=Q 40.
Qd5+ Qf7 41. Qxf7+ Kxf7 42. Nd7 Qxc3 43. Ne5+ Ke6 44. Ng6 Qxd4 0-1

[Event "ODJM C 2023"]
[Site "Willingen GER"]
[Date "2023.05.31"]
[Round "5"]
[White "Wagner, Valentin Thien-Phú"]
[Black "Lola, Ioanna-Maria"]
[Result "0-1"]
[Termination "normal"]
[Board "45"]
[WhiteElo "857"]
[BlackElo "1024"]
[PlyCount "45"]
[WhiteFideId "34603492"]
[BlackFideId "34620397"]
[EventCountry "GER"]
[EventRounds "9"]
[EventType "swiss"]
[EventDate "2023.05.27"]

1. e4 e5 2. Nf3 Nc6 3. Bc4 Bc5 4. d4 exd4 5. Ng5 Nh6 6. Nxf7 Nxf7 7. Qh5 Qe7 8.
Bg5 Qf8 9. O-O g6 10. Qh6 Qxh6 11. Bxf7+ Kxf7 12. Bxh6 Re8 13. Re1 d6 14. c3
dxc3 15. Nxc3 Be6 16. Re2 Bc4 17. Ree1 Ne5 18. b3 Be6 19. Nb5 Re7 20. Bg5 Rd7
21. Red1 Ng4 22. h3 Nxf2 23. Rf1 0-1

[Event "ODJM C 2023"]
[Site "Willingen GER"]
[Date "2023.05.31"]
[Round "5"]
[White "Kraus, Joshua"]
[Black "Gattermayer, Jan"]
[Result "1-0"]
[Termination "normal"]
[Board "46"]
[WhiteElo "836"]
[BlackElo "852"]
[PlyCount "67"]
[WhiteFideId "34660500"]
[BlackFideId "34622306"]
[EventCountry "GER"]
[EventRounds "9"]
[EventType "swiss"]
[EventDate "2023.05.27"]

1. e4 e5 2. Nf3 Nc6 3. Bb5 d6 4. Bxc6+ bxc6 5. Nc3 Ba6 6. d3 Qe7 7. Be3 Nf6 8.
O-O d5 9. exd5 Nxd5 10. Nxd5 cxd5 11. c4 dxc4 12. dxc4 Bxc4 13. Re1 Rd8 14.
Qa4+ Rd7 15. Qxc4 e4 16. Rac1 exf3 17. Bxa7 Qxe1+ 18. Rxe1+ Kd8 19. gxf3 Bd6
20. a4 Re8 21. Rxe8+ Kxe8 22. a5 c5 23. Bxc5 Rc7 24. Qb5+ Ke7 25. Bxd6+ Kxd6
26. Qb8 Kc6 27. b4 Rb7 28. b5+ Kxb5 29. Qxb7+ Kxa5 30. Qxf7 Kb4 31. Qxg7 Kc4
32. Qxh7 Kd4 33. Qe4+ Kc5 34. h4 1-0